| 000 | 01459nam0a2200277 4500 | ||
|---|---|---|---|
| 001 | RU\NLR\bibl\1853766 | ||
| 005 | 20250616180310.0 | ||
| 021 |
_aRU _b2011-98985 _97091 |
||
| 035 | _a(NLR Aleph) 001843705 | ||
| 090 |
_a2307165 _c2307165 |
||
| 100 | _a20111228d2011 |||y0rusy50 ca | ||
| 101 | 0 |
_arus _aeng |
|
| 102 | _aRU | ||
| 105 | _ay ||||||||| | ||
| 200 | 1 |
_aРазговорные темы по страноведению _eанглийский язык _eучебно-методическое пособие для студентов всех специальностей ФЭСТ _fТ.Н. Староконь _gМ-во образования и науки Рос. Федерации, Федер. гос. бюджет. образоват. учреждение высш. проф. образования "Моск. гос. ун-т леса" |
|
| 210 |
_aМосква _cИзд-во Московского государственного университета леса _d2011 |
||
| 215 |
_a21 с. _d21 |
||
| 606 | 1 |
_aАнглийский язык _jУчебно-методические пособия для высших учебных заведений _9972309 _3RU\NLR\auth\6646032 |
|
| 686 |
_aШ143.21-93рус32 _bД890(4Вл) |
||
| 700 | 1 |
_aСтароконь _bТ. Н. _gТамара Несторовна _4070 |
|
| 801 | 0 |
_aRU _bNLR _c20111228 _gRCR |
|
| 801 | 1 |
_aRU _bNLR _c20111228 |
|
| 942 | _cBOOK | ||
| 980 | _aNB | ||
| 980 | _aNBR | ||